000 00614nam a22002177a 4500
003 UA-OsUOA
001 49910
007 ta
008 20071012b un ||||| |||| 00| 0 ukr d
100 _aШвая Д.
090 _a908
_bШ-16
942 _cSA
040 _aUA-OsUOA
_bukr
_cUA-OsUOA
_dUA-OsUOA
245 _a"Його стараннями постала Осторозька академія..."/ Про Миколу Павловича Ковальського
300 _aС.2
955 _a0
041 _aukr
080 _a908
773 0 _w49909
650 7 _a908 Краєзнавство
_2UDC
999 _c336011
_d336011